000 00843nas a2200265 4500
001 BR8800608
003 BR-BrBNA
005 20231205091029.0
007 ta
008 230509b bl.|||p| |||| 00| 00por d
040 _aBR-BrBNA
_bpor
_cBiblioteca Nacional de Agricultura
041 _a(En)
072 _aF60
100 1 _aMartin, C.O.
100 1 _aVentura, M.M.
245 1 _aTrypsin and Chymotrypsin inhibitor of Vigna unguiculata seeds - involvement of Tyrosyls in its interations with proteases
650 _aFEIJAO DE CORDA
650 _aSEMENTE
650 _aTRIPSINA
650 _aPROTEASE
650 _aINIBIDOR DE PROTEINA
773 0 _tAnais da Academia Brasileira de Ciencias (Brazil)
_xISSN 0001-3765
_g(Jun 1986), v. 58(2) p. 297-302
_wBR8800608
909 _a202311
_bLúcia
_c55
_dLúcia Elande
942 _2AGRIS
_n0
_cANA
999 _c122331
_d122331